<?xml version="1.0" encoding="UTF-8"?><?xml-stylesheet type="text/xsl" href="static/style.xsl"?><OAI-PMH xmlns="http://www.openarchives.org/OAI/2.0/" xmlns:xsi="http://www.w3.org/2001/XMLSchema-instance" xsi:schemaLocation="http://www.openarchives.org/OAI/2.0/ http://www.openarchives.org/OAI/2.0/OAI-PMH.xsd"><responseDate>2026-04-17T13:01:07Z</responseDate><request verb="GetRecord" identifier="oai:www.recercat.cat:2445/144241" metadataPrefix="marc">https://recercat.cat/oai/request</request><GetRecord><record><header><identifier>oai:recercat.cat:2445/144241</identifier><datestamp>2025-12-05T05:31:47Z</datestamp><setSpec>com_2072_1057</setSpec><setSpec>col_2072_478857</setSpec><setSpec>col_2072_478917</setSpec></header><metadata><record xmlns="http://www.loc.gov/MARC21/slim" xmlns:dcterms="http://purl.org/dc/terms/" xmlns:xsi="http://www.w3.org/2001/XMLSchema-instance" xmlns:doc="http://www.lyncode.com/xoai" xsi:schemaLocation="http://www.loc.gov/MARC21/slim http://www.loc.gov/standards/marcxml/schema/MARC21slim.xsd">
   <leader>00925njm 22002777a 4500</leader>
   <datafield ind2=" " ind1=" " tag="042">
      <subfield code="a">dc</subfield>
   </datafield>
   <datafield ind2=" " ind1=" " tag="720">
      <subfield code="a">Hernando Delgado, Josep</subfield>
      <subfield code="e">author</subfield>
   </datafield>
   <datafield ind2=" " ind1=" " tag="260">
      <subfield code="c">2019-11-07T15:27:55Z</subfield>
   </datafield>
   <datafield ind2=" " ind1=" " tag="260">
      <subfield code="c">2019-11-07T15:27:55Z</subfield>
   </datafield>
   <datafield ind2=" " ind1=" " tag="260">
      <subfield code="c">1992</subfield>
   </datafield>
   <datafield ind2=" " ind1=" " tag="260">
      <subfield code="c">2019-11-07T15:27:55Z</subfield>
   </datafield>
   <datafield ind2=" " ind1=" " tag="520">
      <subfield code="a">El ms. 42 de la biblioteca del monestir de Sant Cugat del Vallès,que es troba a l'Arxiu de la Corona d'Aragó, conté tot un seguit d'escrits d'autors catalans del segle XIV sobre matèria econòmica, l'objecte dels quals és l'examen de la licitud de diversos contractes que permetien que hom accedís al crèdit de numerari tant per la via monetària, o de crèdit a curt termini (el préstec o 'mutuum'), com per la via de capitals, o de crèdit a llarg termini (la constitució de rendes i llur venda, perpetues o vitalícies, els censals morts i els violaris). Amb la publicació ara de Pulchriores allegationes super contractibus censualium, d'autor anònim,darrer dels escrits del manuscrit, completem la tasca iniciada l'any 1985i esperem que desapareguin de la bibliografia els errors, repetits una i altra vegada, sobre el contingut d'aquest manuscrit i sobre l'autoria dels diversos textos del mateix.</subfield>
   </datafield>
   <datafield tag="653" ind2=" " ind1=" ">
      <subfield code="a">Política de rendes</subfield>
   </datafield>
   <datafield tag="653" ind2=" " ind1=" ">
      <subfield code="a">Història econòmica</subfield>
   </datafield>
   <datafield tag="653" ind2=" " ind1=" ">
      <subfield code="a">Wage-price policy</subfield>
   </datafield>
   <datafield tag="653" ind2=" " ind1=" ">
      <subfield code="a">Economic history</subfield>
   </datafield>
   <datafield ind2="0" ind1="0" tag="245">
      <subfield code="a">El contracte de venda de rendes perpètues i vitalícies (censals morts i violaris) personals i redimibles (amb carta de gràcia). El tractat d'autor anònim 'Pulchriores allegationes super contractibus censualium' (segle XIV) Edició i estudi de text.</subfield>
   </datafield>
</record></metadata></record></GetRecord></OAI-PMH>